000 01392nam a2200337 a 4500
001 000015356
003 DO-SdBNP
005 20251209114709.0
007 ta
008 100205s2000 dr a 000 0 spa d
040 _aDO-SdBNP
_bspa
_cBNPHU
082 4 _a320.97293
_bC355t
_222
100 _aCastro, Tomás,
_d1959-
_924641
245 1 3 _aEl tinglado :
_bla remisión de las teclas /
_cTomás B. Castro Monegro ; prólogo Rafael Flores Estrella.
260 _aSanto Domingo :
_bCentro Arte Uribe,
_c2000.
300 _a128 p. :
_bil., retr.
_e22 cm.
500 _aIncluye datos biográficos del autor en la contracubierta.
504 _aBibliografía : p.124-125.
590 _aInventariado, 2018/ YL
650 0 _aCorrupción política
_zRepública Dominicana
_xEstudio de casos
_914317
650 0 _aElecciones
_xPrácticas corruptas
_zRepública Dominicana
_988852
650 4 _aDelitos políticos
_zRepública Dominicana
_92846
650 4 _aPersecusiones políticas
_zRepública Dominicana
_934704
650 0 _aHomicidio político
_zRepública Dominicana
_931686
650 4 _aCompañías
_xPrácticas corruptas
_934705
650 4 _aCorrupción
_zRepública Dominicana
_xEstudio de casos
_934706
651 0 _aRepública Dominicana
_xPolítica y gobierno
_945
700 1 _aFlores Estrella, Rafael,
_epról.
_934707
910 _aValidado. Control de calidad EMS
942 _2ddc
_cLBS1
999 _c14921
_d14921